| 000 | 01380cam a2200241 4500 | ||
|---|---|---|---|
| 001 | ABS64669 | ||
| 008 | 011029n2001 000 0 eng u | ||
| 035 | _a(Sirsi) u115350 | ||
| 100 | _aHynes, F | ||
| 245 | _aPreventive measures | ||
| 260 | _c2001 | ||
| 490 |
_aProperty Week _v66(42) 19 October 2001, 42-43(2) |
||
| 520 | _aIn the wake of the US terrorist attacks, article looks at the measures property owners, agents and tenants should take to be prepared for similar incidents. Outlines tenant responsibilities for their own safety under the Health and Safety at Work Regulations 1992 and highlights the Home Office document, "Bombs - protecting people and property". Discusses the responsibility of owners over tenants in multi-occupied office buildings and shopping centres and suggests that a terrorism threat plan should consider the following areas: likelihood of terrorist attack; review of security measures; action in the event of a bomb warning; measures to ensure staff are vigilant; involvement in developments in area of location; and plan for evacuation, search and recovery. | ||
| 590 | _aABS | ||
| 650 | _aHEALTH AND SAFETY AT WORK REGULATIONS 1992 | ||
| 650 | _aPROPERTY OWNERS | ||
| 650 | _aTENANTS | ||
| 650 | _aCONTINGENCY PLANS | ||
| 650 | _aBUILDING SECURITY | ||
| 650 | _aTERRORISM | ||
| 690 |
_aHealth and safety _96244 |
||
| 942 | _n0 | ||
| 999 |
_c68699 _d68699 |
||